[Event "LSS BI-2009-P-00026"]
[Site "LSS email"]
[Date "2009.04.19"]
[Round "?"]
[White "Domanov, Dmitry"]
[Black "Nap, Pali"]
[Result "1-0"]
[WhiteElo "2390"]
[BlackElo "1716"]
[PlyCount "53"]
[EventDate "2009.04.20"]
[EventType "tourn (corr)"]
[EventRounds "10"]
[EventCountry "GER"]
[SourceTitle "Telechess CBM 137"]
[Source "ChessBase"]
[SourceDate "2010.07.15"]
[SourceVersion "1"]
[SourceVersionDate "2010.07.15"]
[SourceQuality "1"]

1. e4 c6 2. d4 d5 3. e5 c5 4. dxc5 Nc6 5. Nf3 e6 6. Be3 Nh6 7. c3 Nf5 8. Qd2 Bd7 9. Na3 Nxe3 10. Qxe3 b6 11. cxb6 Bxa3 12. b7 Rb8 13. bxa3 Rxb7 14. Bd3 Qa5 15. 0-0 Qxc3 16. Rab1 Rxb1 17. Rxb1 h6 18. g4 Ke7 19. Rb3 Qa5 20. g5 Rb8 21. Rxb8 Nxb8 22. gxh6 gxh6 23. Be2 Nc6 24. Qxh6 Qxa3 25. Qf6+ Ke8 26. Ng5 Nd8 27. Kg2 1-0

[Event "LSS BI-2009-P-00026"]
[Site "LSS email"]
[Date "2009.04.19"]
[Round "?"]
[White "Johansen, Svein Age"]
[Black "Nap, Pali"]
[Result "1/2-1/2"]
[WhiteElo "2071"]
[BlackElo "1694"]
[PlyCount "42"]
[EventDate "2009.04.20"]
[EventType "tourn (corr)"]
[EventRounds "10"]
[EventCountry "GER"]
[SourceTitle "Corr 2011"]
[Source "ChessBase"]
[SourceDate "2010.08.31"]
[SourceVersion "1"]
[SourceVersionDate "2010.08.31"]
[SourceQuality "1"]

1. e4 c6 2. d4 d5 3. exd5 cxd5 4. c4 Nf6 5. c5 g6 6. b4 Bg7 7. Nf3 0-0 8. Bb2 Ne4 9. Nc3 b6 10. Bd3 Bf5 11. 0-0 Nc6 12. b5 Nxd4 13. Nxd4 Bxd4 14. Bxe4 dxe4 15. c6 e3 16. fxe3 Bxe3+ 17. Kh1 Qxd1 18. Rfxd1 Bc5 19. a4 Rfd8 20. Ba3 Bd4 21. Bb4 f6 1/2-1/2

[Event "LSS BI-2009-P-00026"]
[Site "LSS email"]
[Date "2009.04.19"]
[Round "?"]
[White "Nap, Pali"]
[Black "Ould Ahmed, Samy"]
[Result "1/2-1/2"]
[WhiteElo "1748"]
[BlackElo "2104"]
[PlyCount "69"]
[EventDate "2009.04.20"]
[EventType "tourn (corr)"]
[EventRounds "10"]
[EventCountry "GER"]
[SourceTitle "Telechess CBM 137"]
[Source "ChessBase"]
[SourceDate "2010.07.15"]
[SourceVersion "1"]
[SourceVersionDate "2010.07.15"]
[SourceQuality "1"]

1. d4 Nf6 2. Bg5 Ne4 3. Bf4 c5 4. f3 Qa5+ 5. c3 Nf6 6. d5 Qb6 7. e4 Qxb2 8. Nd2 Qxc3 9. Bc7 d6 10. Ne2 Qe3 11. Rb1 Na6 12. Nc4 Qh6 13. Ba5 g6 14. Bd2 Qg7 15. Nc3 Nd7 16. Nb5 f6 17. Be2 h5 18. 0-0 Nb6 19. Nba3 Nd7 20. Qa4 f5 21. Nb5 Kf7 22. Bc3 Qh6 23. Nbxd6+ exd6 24. Rxb7 Kg8 25. Rxd7 Bxd7 26. Qxd7 Rh7 27. Qc6 Nc7 28. e5 Rd8 29. Ba5 Rdd7 30. f4 Qg7 31. Bc3 Rd8 32. exd6 Rxd6 33. Qxd6 Qxc3 34. Qxg6+ Rg7 35. Qxf5 1/2-1/2

[Event "LSS BI-2009-P-00026"]
[Site "LSS email"]
[Date "2009.04.19"]
[Round "?"]
[White "Nap, Pali"]
[Black "Petersen, Hans"]
[Result "1-0"]
[WhiteElo "1716"]
[BlackElo "1778"]
[PlyCount "51"]
[EventDate "2009.04.20"]
[EventType "tourn (corr)"]
[EventRounds "10"]
[EventCountry "GER"]
[SourceTitle "Corr 2011"]
[Source "ChessBase"]
[SourceDate "2010.08.31"]
[SourceVersion "1"]
[SourceVersionDate "2010.08.31"]
[SourceQuality "1"]

1. d4 d5 2. c4 dxc4 3. Nc3 Nf6 4. Nf3 c6 5. a4 Qa5 6. Bd2 Qb6 7. e4 Bg4 8. a5 Qb3 9. Qc1 e6 10. Ne5 Bh5 11. Bxc4 Qb4 12. f3 Qe7 13. a6 bxa6 14. g4 Bg6 15. h4 Qd8 16. Be3 Bb4 17. h5 Bxe4 18. fxe4 Nxe4 19. 0-0 Bxc3 20. bxc3 Nd6 21. Bg5 Qc7 22. h6 gxh6 23. Bh4 Nd7 24. Nxf7 Nxf7 25. Rxf7 Kxf7 26. Qxh6 1-0

[Event "LSS SD-2008-0-00024"]
[Site "LSS email"]
[Date "2009.02.13"]
[Round "?"]
[White "Loktayev, Vladislav"]
[Black "Nap, Pali"]
[Result "0-1"]
[WhiteElo "1176"]
[BlackElo "1702"]
[PlyCount "22"]
[EventDate "2008.12.22"]
[EventType "tourn (corr)"]
[EventRounds "6"]
[EventCountry "GER"]
[SourceTitle "Corr 2013"]
[Source "ChessBase"]
[SourceDate "2012.11.12"]
[SourceVersion "1"]
[SourceVersionDate "2012.11.12"]
[SourceQuality "1"]
[WhiteTeam "US of America"]
[BlackTeam "US of America"]
[WhiteTeamCountry "USA"]
[BlackTeamCountry "USA"]

1. d4 Nf6 2. c4 e6 3. g3 d5 4. Bg2 Be7 5. Nf3 0-0 6. Nbd2 b6 7. 0-0 Bb7 8. b3 dxc4 9. Nxc4 Nbd7 10. Bb2 a5 11. Rc1 Qb8 0-1

[Event "LSS SD-2008-0-00024"]
[Site "LSS email"]
[Date "2009.02.13"]
[Round "?"]
[White "Nap, Pali"]
[Black "Paetzold, Ortwin"]
[Result "1-0"]
[WhiteElo "1716"]
[BlackElo "1648"]
[PlyCount "73"]
[EventDate "2008.12.22"]
[EventType "tourn (corr)"]
[EventRounds "6"]
[EventCountry "GER"]
[SourceTitle "Corr 2011"]
[Source "ChessBase"]
[SourceDate "2010.08.31"]
[SourceVersion "1"]
[SourceVersionDate "2010.08.31"]
[SourceQuality "1"]

1. d4 Nf6 2. Bg5 Ne4 3. Bh4 c5 4. Nd2 Nxd2 5. Qxd2 cxd4 6. Nf3 Nc6 7. Nxd4 Qb6 8. 0-0-0 Nxd4 9. Qxd4 Qxd4 10. Rxd4 e5 11. Rd3 b6 12. e4 Bb7 13. f3 Be7 14. Bg3 f6 15. Rd2 Bc5 16. Kb1 Ke7 17. c3 Rac8 18. Bb5 Rhd8 19. Rhd1 d6 20. a4 a6 21. Bd3 Be3 22. Re2 Bh6 23. Bf2 Rc6 24. c4 Rdc8 25. b4 Rb8 26. b5 Rcc8 27. Rb2 a5 28. Bxb6 Bxe4 29. Bxa5 Bxd3+ 30. Rxd3 Rxc4 31. Bb4 Rd8 32. a5 f5 33. a6 e4 34. Rc3 Rxc3 35. Bxc3 g6 36. Bd4 Bf4 37. b6 1-0

[Event "LSS RD-2008-0-00014"]
[Site "LSS email"]
[Date "2009.01.10"]
[Round "?"]
[White "Nap, Pali"]
[Black "Nemeth, Laszlo"]
[Result "1-0"]
[WhiteElo "1546"]
[BlackElo "1425"]
[PlyCount "47"]
[EventDate "2008.12.24"]
[EventType "tourn (corr)"]
[EventRounds "6"]
[EventCountry "GER"]
[SourceTitle "Corr 2011"]
[Source "ChessBase"]
[SourceDate "2010.08.31"]
[SourceVersion "1"]
[SourceVersionDate "2010.08.31"]
[SourceQuality "1"]

1. d4 Nf6 2. Bg5 e6 3. e3 d5 4. c3 Be7 5. Nd2 Ne4 6. Nxe4 dxe4 7. h4 Bxg5 8. hxg5 Qxg5 9. Nh3 Qf5 10. g4 Qf3 11. Qxf3 exf3 12. Ng5 Nc6 13. Nxf3 Ke7 14. 0-0-0 Bd7 15. Bg2 f6 16. Nd2 h6 17. f4 Rad8 18. Rh2 Kf7 19. Rdh1 e5 20. fxe5 fxe5 21. g5 exd4 22. exd4 h5 23. Rf1+ Kg8 24. Bd5+ 1-0

[Event "LSS RE-2008-0-00016"]
[Site "LSS email"]
[Date "2009.01.02"]
[Round "?"]
[White "Nap, Pali"]
[Black "Trevis, Robert R"]
[Result "1-0"]
[WhiteElo "1388"]
[BlackElo "1039"]
[PlyCount "39"]
[EventDate "2008.12.05"]
[EventType "tourn (corr)"]
[EventRounds "6"]
[EventCountry "GER"]
[SourceTitle "Corr 2011"]
[Source "ChessBase"]
[SourceDate "2010.08.31"]
[SourceVersion "1"]
[SourceVersionDate "2010.08.31"]
[SourceQuality "1"]

1. d4 Nf6 2. Bg5 d5 3. Bxf6 gxf6 4. c4 dxc4 5. e3 Be6 6. Ne2 Bg7 7. Nf4 Bf5 8. Bxc4 e5 9. Nh5 Bh6 10. Qf3 Qc8 11. Nxf6+ Ke7 12. Qh5 Be6 13. d5 Qf8 14. Qh4 Kd6 15. Ne4+ Kd7 16. dxe6+ fxe6 17. Qh3 Qb4+ 18. Nbd2 Qxb2 19. Qxe6+ Kd8 20. Qf6+ 1-0

[Event "LSS RE-2008-0-00013"]
[Site "LSS email"]
[Date "2008.11.16"]
[Round "?"]
[White "Davidson, Eric"]
[Black "Nap, Pali"]
[Result "0-1"]
[WhiteElo "1392"]
[BlackElo "1246"]
[PlyCount "78"]
[EventDate "2008.10.25"]
[EventType "tourn (corr)"]
[EventRounds "6"]
[EventCountry "GER"]
[SourceTitle "Corr 2011"]
[Source "ChessBase"]
[SourceDate "2010.08.31"]
[SourceVersion "1"]
[SourceVersionDate "2010.08.31"]
[SourceQuality "1"]

1. d4 Nf6 2. c4 e6 3. Nf3 b6 4. Bf4 Bb7 5. e3 Bb4+ 6. Nbd2 0-0 7. Be2 d6 8. 0-0 Bxd2 9. Nxd2 Nbd7 10. h3 h6 11. Bf3 Bxf3 12. Qxf3 Rb8 13. b4 Re8 14. Bg3 e5 15. Rfe1 Qc8 16. Ne4 Nxe4 17. Qxe4 exd4 18. Qxd4 a5 19. a3 Ra8 20. Red1 Qd8 21. Kh2 Qe7 22. Rd2 Nf6 23. Rad1 Ne4 24. Rd3 axb4 25. axb4 Ra4 26. Qb2 Rea8 27. c5 bxc5 28. bxc5 Nxc5 29. Rd4 Ra2 30. Qb1 Qe8 31. Qf5 Qe6 32. Qxe6 fxe6 33. Bxd6 cxd6 34. Rxd6 Rxf2 35. Rc6 Ne4 36. Rxe6 Ng5 37. Red6 Raa2 38. Kg3 Rxg2+ 39. Kh4 Nf3+ 0-1

[Event "LSS RE-2008-0-00013"]
[Site "LSS email"]
[Date "2008.11.16"]
[Round "?"]
[White "Molina, Vicente Andres"]
[Black "Nap, Pali"]
[Result "0-1"]
[WhiteElo "1233"]
[BlackElo "1246"]
[PlyCount "36"]
[EventDate "2008.10.25"]
[EventType "tourn (corr)"]
[EventRounds "6"]
[EventCountry "GER"]
[SourceTitle "Corr 2013"]
[Source "ChessBase"]
[SourceDate "2012.11.12"]
[SourceVersion "1"]
[SourceVersionDate "2012.11.12"]
[SourceQuality "1"]

1. c4 Nf6 2. Nc3 e5 3. e4 Bc5 4. Be2 0-0 5. Nf3 d6 6. d4 exd4 7. Nxd4 Re8 8. Be3 Nxe4 9. Nxe4 Rxe4 10. Bf3 Bxd4 11. Bxe4 Bxe3 12. fxe3 Qh4+ 13. Kd2 Qxe4 14. Qe2 Nc6 15. Raf1 Bf5 16. Kc3 Re8 17. Rf4 Qxf4 18. Rf1 Rxe3+ 0-1

[Event "LSS RE-2008-0-00013"]
[Site "LSS email"]
[Date "2008.11.16"]
[Round "?"]
[White "Nap, Pali"]
[Black "Boni, Roberto"]
[Result "1-0"]
[WhiteElo "1388"]
[BlackElo "1413"]
[PlyCount "99"]
[EventDate "2008.10.25"]
[EventType "tourn (corr)"]
[EventRounds "6"]
[EventCountry "GER"]
[SourceTitle "Corr 2011"]
[Source "ChessBase"]
[SourceDate "2010.08.31"]
[SourceVersion "1"]
[SourceVersionDate "2010.08.31"]
[SourceQuality "1"]

1. d4 Nf6 2. c4 e6 3. Nf3 b6 4. e3 Bb7 5. Nc3 Bb4 6. Bd3 0-0 7. 0-0 d5 8. cxd5 exd5 9. Bd2 Nbd7 10. Qa4 Bd6 11. Nb5 Be7 12. Nc3 c5 13. Ba6 Bxa6 14. Qxa6 Re8 15. a4 c4 16. a5 bxa5 17. Qxa5 Qxa5 18. Rxa5 Reb8 19. Nxd5 Nxd5 20. Rxd5 Nf6 21. Ra5 Rxb2 22. Rc1 Ne4 23. Be1 Bb4 24. Bxb4 Rxb4 25. Ne5 Nd2 26. Ra2 c3 27. Nd3 Rb1 28. Rxb1 Nxb1 29. Kf1 a5 30. Ke2 Nd2 31. Nc5 h6 32. Kd3 Nb1 33. Nb7 a4 34. Ra1 a3 35. Rxb1 Rb8 36. Kxc3 a2 37. Ra1 Rxb7 38. Rxa2 Rc7+ 39. Kd3 Kf8 40. e4 Ke7 41. d5 Kd6 42. Kd4 f6 43. f4 Rb7 44. e5+ Ke7 45. Kc5 fxe5 46. fxe5 Rc7+ 47. Kb6 Rc8 48. Ra7+ Kf8 49. d6 Re8 50. Kc6 1-0

[Event "LSS OP-2008-0-00584"]
[Site "LSS email"]
[Date "2008.07.27"]
[Round "?"]
[White "Emmanuel, Benjamin"]
[Black "Nap, Pali"]
[Result "0-1"]
[WhiteElo "990"]
[BlackElo "1702"]
[PlyCount "26"]
[EventDate "2008.07.24"]
[EventType "tourn (corr)"]
[EventRounds "4"]
[EventCountry "GER"]
[SourceTitle "Corr 2013"]
[Source "ChessBase"]
[SourceDate "2012.11.12"]
[SourceVersion "1"]
[SourceVersionDate "2012.11.12"]
[SourceQuality "1"]

1. e4 e5 2. Nf3 Nc6 3. Bb5 a6 4. Bxc6 dxc6 5. 0-0 Bg4 6. h3 h5 7. d3 Qf6 8. Nbd2 Ne7 9. Qe1 Ng6 10. Qe3 Nf4 11. Nh2 Bxh3 12. gxh3 Qg6+ 13. Ng4 hxg4 0-1

[Event "LSS OP-2008-0-00584"]
[Site "LSS email"]
[Date "2008.07.27"]
[Round "?"]
[White "Nap, Pali"]
[Black "Peled, Shai"]
[Result "1/2-1/2"]
[WhiteElo "800"]
[BlackElo "1790"]
[PlyCount "98"]
[EventDate "2008.07.24"]
[EventType "tourn (corr)"]
[EventRounds "4"]
[EventCountry "GER"]
[SourceTitle "Corr 2011"]
[Source "ChessBase"]
[SourceDate "2010.08.31"]
[SourceVersion "1"]
[SourceVersionDate "2010.08.31"]
[SourceQuality "1"]

1. d4 f5 2. Nf3 Nf6 3. g3 g6 4. Bg2 Bg7 5. 0-0 d6 6. Qd3 0-0 7. Nc3 Na6 8. a4 c5 9. Rd1 d5 10. Nb5 cxd4 11. Qa3 Re8 12. Bf4 Ng4 13. h3 e5 14. hxg4 exf4 15. gxf4 Bf8 16. Qb3 Nc5 17. Qa2 Ne6 18. gxf5 Nxf4 19. Nbxd4 gxf5 20. Ne1 Nxe2+ 21. Nxe2 Rxe2 22. Rxd5 Qb6 23. Rd6+ Be6 24. Rxb6 Bxa2 25. Rxb7 Rae8 26. Nf3 Bd5 27. Rc7 Bxf3 28. Bxf3 Rd2 29. Kg2 Bd6 30. Rc6 Rb8 31. Rd1 Rxd1 32. Bxd1 Rb6 33. Rc8+ Kf7 34. b3 Rb8 35. Rc6 Rb6 36. Rc3 Kf6 37. Rh3 Kg6 38. Be2 Rc6 39. Bd3 a5 40. Re3 Kf6 41. Re8 Rc5 42. Ra8 Bc7 43. Rf8+ Kg5 44. c4 h6 45. Rg8+ Kf4 46. Rh8 Rc6 47. Rf8 Rc5 48. Kf1 Kg4 49. Bc2 Kg5 1/2-1/2

[Event "LSS OP-2008-0-00576"]
[Site "LSS email"]
[Date "2008.07.09"]
[Round "?"]
[White "Niewold, Jaap"]
[Black "Nap, Pali"]
[Result "0-1"]
[WhiteElo "1672"]
[BlackElo "1702"]
[PlyCount "62"]
[EventDate "2008.07.04"]
[EventType "tourn (corr)"]
[EventRounds "4"]
[EventCountry "GER"]
[SourceTitle "Corr 2013"]
[Source "ChessBase"]
[SourceDate "2012.11.12"]
[SourceVersion "1"]
[SourceVersionDate "2012.11.12"]
[SourceQuality "1"]

1. e4 e5 2. Nf3 Nc6 3. Bb5 a6 4. Ba4 Nf6 5. 0-0 b5 6. Bb3 Bb7 7. Re1 Bc5 8. c3 0-0 9. d4 Bb6 10. Bg5 h6 11. Bh4 d6 12. a4 exd4 13. cxd4 g5 14. Bg3 Re8 15. d5 Na5 16. Bc2 b4 17. Bd3 Nh5 18. Rf1 Qf6 19. Qc2 c6 20. dxc6 Rac8 21. e5 dxe5 22. Bxe5 Qxc6 23. Bh7+ Kf8 24. Qxc6 Nxc6 25. Be4 Nxe5 26. Bxb7 Nxf3+ 27. Bxf3 Nf4 28. Bb7 Rc2 29. Bxa6 Rxf2 30. g3 Rxb2+ 31. Kh1 Nh3 0-1

[Event "LSS ZN-2008-0-00460"]
[Site "LSS email"]
[Date "2008.05.11"]
[Round "?"]
[White "Nap, Pali"]
[Black "Medeiros, Gabriel"]
[Result "1/2-1/2"]
[WhiteElo "1702"]
[BlackElo "1000"]
[PlyCount "56"]
[EventDate "2008.05.09"]
[EventType "match (corr)"]
[EventRounds "2"]
[EventCountry "GER"]
[SourceTitle "Corr 2013"]
[Source "ChessBase"]
[SourceDate "2012.11.12"]
[SourceVersion "1"]
[SourceVersionDate "2012.11.12"]
[SourceQuality "1"]

1. d4 d5 2. Nf3 Nc6 3. c4 e6 4. Nc3 Nf6 5. e3 Bb4 6. Bd3 0-0 7. 0-0 a6 8. Re1 Ne4 9. Qb3 f5 10. cxd5 exd5 11. Rd1 Bxc3 12. bxc3 Re8 13. Ba3 b5 14. Ne5 Nxe5 15. dxe5 Be6 16. Qb2 Qg5 17. Qc1 Qg6 18. f3 Ng5 19. Kh1 Rad8 20. Qd2 Bc8 21. Qe1 Bb7 22. Qg3 Ne6 23. Qh4 c5 24. Rab1 Bc6 25. Qh3 Rf8 26. Bb2 a5 27. a3 c4 28. Bc2 Nc5 1/2-1/2

[Event "LSS RN-2008-0-00133"]
[Site "LSS email"]
[Date "2008.05.11"]
[Round "?"]
[White "Znak, Nicholas"]
[Black "Nap, Pali"]
[Result "0-1"]
[WhiteElo "827"]
[BlackElo "800"]
[PlyCount "56"]
[EventDate "2008.05.06"]
[EventType "tourn (corr)"]
[EventRounds "6"]
[EventCountry "GER"]
[SourceTitle "Corr 2011"]
[Source "ChessBase"]
[SourceDate "2010.08.31"]
[SourceVersion "1"]
[SourceVersionDate "2010.08.31"]
[SourceQuality "1"]

1. e4 Nf6 2. e5 Nd5 3. d4 d6 4. Nf3 Bg4 5. Be2 e6 6. 0-0 Be7 7. h3 Bf5 8. c4 Nb4 9. Na3 dxe5 10. Nxe5 N8c6 11. Nxc6 bxc6 12. Bd2 Qxd4 13. Bxb4 Qxd1 14. Raxd1 Bxb4 15. Bf3 Ke7 16. Be2 Rhd8 17. Rxd8 Rxd8 18. g4 Rd2 19. gxf5 Rxe2 20. Rb1 exf5 21. c5 Bxc5 22. b4 Bxf2+ 23. Kf1 Rxa2 24. Nc4 Ke6 25. Nb2 Bd4 26. Nd3 Kd6 27. Rd1 Rh2 28. Nb2 Kd5 0-1